Las ideas políticas de Baltasar Gracián (Record no. 118520)

MARC details
000 -LEADER
campo de control de longitud fija 00643nam a2200181 i 4500
001 - NÚMERO DE CONTROL
campo de control 118520
003 - IDENTIFICADOR DE NÚMERO DE CONTROL
campo de control ES-MaACL
005 - FECHA Y HORA DE LA ÚLTIMA TRANSACCIÓN
campo de control 20250909203500.0
007 - CAMPO FIJO DE DESCRIPCIÓN FÍSICA--INFORMACIÓN GENERAL
campo de control de longitud fija t|
008 - DATOS DE LONGITUD FIJA--INFORMACIÓN GENERAL
campo de control de longitud fija 070214s1908 sp r ||||1| spa d
100 1# - ENTRADA PRINCIPAL--NOMBRE DE PERSONA
Nombre de persona Pareja y Navarro, Miguel María de.
9 (RLIN) 89068
245 14 - MENCIÓN DEL TÍTULO
Título Las ideas políticas de Baltasar Gracián
Resto del título : (tesis del Doctorado) /
Mención de responsabilidad, etc. Miguel Mª de Pareja y Navarro.
260 ## - PUBLICACIÓN, DISTRIBUCIÓN, ETC.
Lugar de publicación, distribución, etc. Granada :
Nombre del editor, distribuidor, etc. [s. n.],
Fecha de publicación, distribución, etc. 1908 (
Fabricante Tip. lit. de Paulino Ventura Traveset)
500 ## - NOTA GENERAL
Nota general Tesis doctoral.
600 14 - PUNTO DE ACCESO ADICIONAL DE MATERIA--NOMBRE DE PERSONA
Nombre de persona Gracián, Baltasar,
Fechas asociadas al nombre 1601-1658-
Subdivisión general Crítica e interpretación
9 (RLIN) 59479
852 ## - LOCALIZACIÓN
Ubicación ES-MaACL
Número de control de estantería T-1126-F-7
Holdings
Estatus retirado Estado de pérdida Estado de daño No para préstamo Colección Biblioteca de origen Biblioteca actual Ubicación en estantería Fecha de adquisición Fuente de adquisición Total de préstamos Signatura topográfica completa Código de barras Visto por última vez Precio de reemplazo Tipo de ítem Koha
        Colección de folletos Biblioteca del Ateneo de Madrid Biblioteca del Ateneo de Madrid Depósito folletos 17/01/2008     T-1126-F-7 1123556 23/02/2023 23/02/2023 Folleto